Россия и Япония. Становление и развитие отношений в конце XX - начале XXI века: достижения, проблемы, перспективы

Библиографические подробности
Главный автор: Панов А. Н. Александр Николаевич
Язык:русский
Опубликовано: Москва, Известия, 2007
Предметы:
Формат: MixedMaterials Книга
Запись в KOHA:https://koha.lib.tpu.ru/cgi-bin/koha/opac-detail.pl?biblionumber=136461

MARC

LEADER 00000nam0a2200000 4500
001 136461
005 20231101220623.0
010 |a 5206006955 
035 |a (RuTPU)RU\TPU\book\147899 
090 |a 136461 
100 |a 20080423d2007 k y0rusy50 ca 
101 0 |a rus 
102 |a RU 
105 |a a z 000zy 
200 1 |a Россия и Япония. Становление и развитие отношений в конце XX - начале XXI века: достижения, проблемы, перспективы  |f А. Н. Панов 
210 |a Москва  |c Известия  |d 2007 
215 |a 311 с.  |c ил. 
606 1 |a Внешняя политика России в отношении стран Азии  |2 stltpush  |3 (RuTPU)RU\TPU\subj\70347  |9 84660 
610 1 |a политика 
610 1 |a внешняя политика 
610 1 |a международные отношения 
610 1 |a Россия 
610 1 |a Япония 
610 1 |a российско-японские отношения 
686 |a Ф4(2)9(5Яп)  |v LBC/SL-A  |2 rubbk 
700 1 |a Панов  |b А. Н.  |g Александр Николаевич 
801 1 |a RU  |b 63413507  |c 20080423  |g PSBO 
801 2 |a RU  |b 63413507  |c 20140326  |g PSBO 
900 |a Восток - Россия: сравнительный анализ 
942 |c BK 
959 |a 46/20080422  |d 1  |e 204,16  |f ЧЗГЛ:1